Obras escogidas / (Record no. 133766)

MARC details
000 -LEADER
campo de control de longitud fija 01110nam a2200241 i 4500
001 - NÚMERO DE CONTROL
campo de control 133766
003 - IDENTIFICADOR DE NÚMERO DE CONTROL
campo de control ES-MaACL
005 - FECHA Y HORA DE LA ÚLTIMA TRANSACCIÓN
campo de control 20251114063118.0
007 - CAMPO FIJO DE DESCRIPCIÓN FÍSICA--INFORMACIÓN GENERAL
campo de control de longitud fija t|
008 - DATOS DE LONGITUD FIJA--INFORMACIÓN GENERAL
campo de control de longitud fija 070828s1960 sp ||||1| spa d
100 1# - ENTRADA PRINCIPAL--NOMBRE DE PERSONA
Nombre de persona Woolrich, Cornell,
Fechas asociadas al nombre 1903-1968
9 (RLIN) 117365
245 10 - MENCIÓN DEL TÍTULO
Título Obras escogidas /
Mención de responsabilidad, etc. Cornell Woolrich (William Irish) [seud.] ; prólogo de Salvador Bordoy Luque.
260 ## - PUBLICACIÓN, DISTRIBUCIÓN, ETC.
Lugar de publicación, distribución, etc. Madrid :
Nombre del editor, distribuidor, etc. Aguilar,
Fecha de publicación, distribución, etc. 1960.
300 ## - DESCRIPCIÓN FÍSICA
Extensión 1372 p. ;
Dimensiones 18 cm.
490 1# - MENCIÓN DE SERIE
Mención de serie Colección "El lince". Serie "El lince astuto"
500 ## - NOTA GENERAL
Nota general Retr. del autor.
505 8# - NOTA DE CONTENIDO CON FORMATO
Nota de contenido con formato Contiene: La mujer fantasma / [trad. del inglés por J. Cohen] ; No quisiera estar en sus zapatos / [trad... por V. Canoura y H. Maniglia] ; Lo que la noche revela / [trad... por Rodolfo J. Walsh] ; El plazo expira al amanecer / [trad... por José Frexas] ; Siete cantos fúnebres / [trad... por Rodolfo J. Walsh]
700 1# - ENTRADA AGREGADA--NOMBRE PERSONAL
Nombre de persona Bordoy Luque, Salvador.
9 (RLIN) 30424
700 1# - ENTRADA AGREGADA--NOMBRE PERSONAL
Nombre de persona León, Jacinto.
9 (RLIN) 71575
830 0# - PUNTO DE ACCESO ADICIONAL DE SERIE-TÍTULO UNIFORME
Título uniforme Colección "El lince". Serie "El lince astuto"
9 (RLIN) 219781
852 ## - LOCALIZACIÓN
Ubicación ES-MaACL
Número de control de estantería P-668
Sublocalización o colección R.45794
Holdings
Estatus retirado Estado de pérdida Estado de daño No para préstamo Biblioteca de origen Biblioteca actual Ubicación en estantería Fecha de adquisición Fuente de adquisición Total de préstamos Signatura topográfica completa Código de barras Visto por última vez Precio de reemplazo Tipo de ítem Koha
        Biblioteca del Ateneo de Madrid Biblioteca del Ateneo de Madrid Depósito 2 17/01/2008     P-668 1139248 23/02/2023 23/02/2023 Libro impreso